Statistics for Count to 10 in Polynesian Languages

Click here to take the quiz!

General Stats

  • This quiz has been taken 24 times
  • The average score is 59 of 80

Answer Stats

Language#Answer% Correct
Niuean | Samoan | Tokelauan | +2 others8valu
92%
Niuean | Samoan | Tokelauan | +2 others7fitu
92%
Niuean | Samoan | Tokelauan | Tuvaluan5lima
92%
Niuean | Samoan | Tokelauan | +2 others4
92%
Niuean | Samoan | Tokelauan | +2 others3tolu
92%
Māori | Niuean | Samoan | +4 others6ono
92%
Samoan | Tokelauan | Tuvaluan2lua
85%
Samoan | Tahitian | Tokelauan | Tuvaluan9iva
85%
Samoan | Tuvaluan1tasi
77%
Hawaiʻian2ʻelua
77%
Māori9iwa
77%
Māori8waru
77%
Māori7whitu
77%
Māori5rima
77%
Māori4whā
77%
Māori | Tahitian3toru
77%
Māori2rua
77%
Māori | Tokelauan1tahi
77%
Hawaiʻian4ʻehā
77%
Hawaiʻian3ʻekolu
77%
Hawaiʻian10ʻumi
69%
Māori10tekau
69%
Samoan | Tuvaluan10sefulu
69%
Hawaiʻian9ʻeiwa
69%
Hawaiʻian8ʻewalu
69%
Tongan5nima
69%
Hawaiʻian6ʻeono
69%
Hawaiʻian5ʻelima
69%
Hawaiʻian1ʻekahi
69%
Niuean | Tongan2ua
62%
Hawaiʻian7ʻehiku
62%
Tongan10hongofulu
54%
Niuean | Tongan1taha
46%
Niuean | Tongan9hiva
38%
Niuean10hogofulu
31%
Tahitian5pae
31%
Tahitian7hitu
31%
Tahitian2piti
23%
Tahitian1hōʻē
15%
Tahitian4maha
15%
Tahitian8vaʻu
15%
Tahitian10ʻahuru
15%
Tokelauan10hefulu
8%

Score Distribution

Percentile by Number Answered

Percent of People with Each Score

Your Score History

You have not taken this quiz